LEADER 01196nam a2200265 4500 001 000000347559 003 CaOOAMICUS 005 20210901105345.0 008 210901s2021 it a 000 u ita r 020 $a978-88-315-5290-5 040 $aSeMil$bita 100 1 $aBizzarri, Fausto.$0(OLS)http://semarc/name/114540 245 10$aIntelligenza emotiva e pastorale :$bper un agire più efficace, empatico e liberante /$cFausto Bizarri [i.e.] Bizzarri. 264 1$aMilano :$bPaoline,$c2021. 300 $a93 p. :$bill. ;$c21 cm 490 1 $aQuaderni Emmaus ;$v4 650 4$aIntelligenza emotiva.$0(OLS)http://semarc/subject/48078 650 4$aPastorale - Chiesa cattolica.$0(OLS)http://semarc/subject/10919 830 0$aQuaderni Emmaus ;$v4.$0(OLS)http://semarc/title/436853 850 $aSeMil 852 $aSeMil$W1$xVenegono$y1$m2F II 177$j228317$B238627$CSeMilBibl$Z2$F238627 $81 996 $6020$a978-88-315-5290-5$9(OLS)http://semarc/number/293975 996 $6245$aIntelligenza emotiva e pastorale :$bper un agire più efficace, empatico e liberante$9(OLS)http://semarc/title/436855 996 $6264$aMilano :$bPaoline$9(OLS)http://semarc/publisher/29684 LEADER 00778nam a2200217 i 4500 001 000000219628 003 CaOOAMICUS 005 20130403000000.0 008 130403s1970 xx u000 u fre u 013 $a198525 040 $aSeMil$bita 245 10$a1967. 300 $a373 p. 490 0 $aUnam Sanctam ;$v77. 650 4$aConcilio Vaticano II <1962-1965> - Studi.$0(OLS)http://semarc/subject/1167 773 0 $tPour construire l'Église nouvelle.$gTome2$w()1426 773 0 $tVatican 2..$dParis : Les Éditions du Cerf, 1965.$kUnam Sanctam$w()28304 830 0$aUnam Sanctam ;$v77.$0(OLS)http://semarc/title/431 850 $aSeMil 852 $aSeMil$W1$xVenegono$y1$m2M I 184$j169989$B169989$CSeMilBibl$Z2$F180736 $81 996 $6245$a1967$9(OLS)http://semarc/title/185859